Human Resources in Latin America and the Caribbean: (Record no. 8976)
[ view plain ]
| 000 -LEADER | |
|---|---|
| fixed length control field | 00522nam a22001697a 4500 |
| 003 - CONTROL NUMBER IDENTIFIER | |
| control field | OSt |
| 005 - DATE AND TIME OF LATEST TRANSACTION | |
| control field | 20240627110747.0 |
| 008 - FIXED-LENGTH DATA ELEMENTS--GENERAL INFORMATION | |
| fixed length control field | 240627b |||||||| |||| 00| 0 eng d |
| 040 ## - CATALOGING SOURCE | |
| Original cataloging agency | DDC |
| Transcribing agency | MUST |
| 082 ## - DEWEY DECIMAL CLASSIFICATION NUMBER | |
| Classification number | 330 W89h 1993 |
| Item number | 19 |
| 100 ## - MAIN ENTRY--PERSONAL NAME | |
| Personal name | World BANK |
| 9 (RLIN) | 6730 |
| 245 ## - TITLE STATEMENT | |
| Title | Human Resources in Latin America and the Caribbean: |
| Remainder of title | Priorities and Action/ |
| Statement of responsibility, etc. | World Bank. |
| 260 ## - PUBLICATION, DISTRIBUTION, ETC. (IMPRINT) | |
| Place of publication, distribution, etc. | America: |
| Name of publisher, distributor, etc. | World Bank, |
| Date of publication, distribution, etc. | 1993. |
| 300 ## - PHYSICAL DESCRIPTION | |
| Extent | vi,153p.: |
| Other physical details | ill,; |
| Dimensions | 22.8cm. |
| 650 ## - SUBJECT ADDED ENTRY--TOPICAL TERM | |
| Source of heading or term | Human resources |
| Topical term or geographic name as entry element | Latin America |
| 9 (RLIN) | 18202 |
| 942 ## - ADDED ENTRY ELEMENTS (KOHA) | |
| Source of classification or shelving scheme | Dewey Decimal Classification |
| Koha item type | Open Shelf |
| Withdrawn status | Lost status | Source of classification or shelving scheme | Damaged status | Not for loan | Home library | Current library | Date acquired | Source of acquisition | Inventory number | Total Checkouts | Full call number | Barcode | Date last seen | Price effective from | Koha item type |
|---|---|---|---|---|---|---|---|---|---|---|---|---|---|---|---|
| Dewey Decimal Classification | MUST Main Library | MUST Main Library | 27/06/2024 | Donation | 2002/16733 | 330 W89h 1993 19 | 2024-21528 | 27/06/2024 | 27/06/2024 | Open Shelf |
